000 00435 a2200169 4500
003 Nust
005 20170207153359.0
040 _cNust
082 _a005.1
100 _aAhmed , NC Saba BESE-11
245 _a3D reconstruction from 2D data (Hard / Soft-copy)
_cNC Saba Ahmed & NC Muneeba Raja BESE-11
260 _bMCS
_c2009
300 _a92 p.
538 _aAlmirah No 71 Shelf No 5
650 _aUG Projects
651 _aUG CS Projects
942 _cPRG
999 _c184893
_d184893